[Event "Nantes op 8th"]
[Site "Nantes"]
[Date "2009.12.??"]
[Round "8"]
[White "David, Loic"]
[Black "Mesli, Maurice"]
[Result "1-0"]
[WhiteElo "1700"]
[BlackElo "1908"]
[PlyCount "55"]
[EventDate "2009.12.??"]
[EventType "swiss"]
[EventRounds "9"]
[EventCountry "FRA"]
[SourceTitle "CBM 134 Extra"]
[Source "ChessBase"]
[SourceDate "2010.03.03"]
[SourceVersion "1"]
[SourceVersionDate "2010.03.03"]
[SourceQuality "1"]

1. e4 c6 2. d4 d5 3. Nc3 dxe4 4. Nxe4 Nd7 5. Nf3 Ngf6 6. Nxf6+ Nxf6 7. Bd3 g6 8. h3 Bg7 9. Qe2 0-0 10. Bd2 Bf5 11. Bxf5 gxf5 12. 0-0-0 Qd5 13. Kb1 b5 14. g4 e6 15. gxf5 Qxf5 16. Rdg1 Kh8 17. Bb4 Rfe8 18. Ne5 Nd5 19. Rg5 Qf6 20. Rhg1 Rg8 21. Qh5 h6 22. Nxf7+ Kh7 23. Rg6 Nf4 24. Rxf6 Nxh5 25. Rxe6 Nf4 26. Rxc6 Ne2 27. Rg4 Nxd4 28. Rd6 1-0